| 000 | 00541cam a2200217 4500 | ||
|---|---|---|---|
| 001 | D5421 | ||
| 008 | 090401t1977 xxu||||| |||| 00| 0 eng d | ||
| 035 | _a(Sirsi) u49484 | ||
| 041 | _aeng | ||
| 050 | _a333.3 | ||
| 100 | _aHarrison, Alan | ||
| 245 | _aLandownership by public and semi-public institutions in the U.K. | ||
| 260 |
_aReading _bReading University CAS _c1977 |
||
| 300 | _a69p. 11cm | ||
| 350 | _a0 | ||
| 490 |
_aCAS Paper _v3 |
||
| 700 | _aTranter, R.B. | ||
| 700 | _aGibbs, R.S. | ||
| 942 | _n0 | ||
| 948 | _c04/03/1997 | ||
| 999 |
_c92567 _d92567 |
||